00639 2200229 4500001002100000005001700021008004100038035002400079082000800103090002000111100002400131245009500155250001100250260003500261300001800296650002800314700001500342850001200357985000600369986001300375999002100388YOGYA-0209000005700320090227034136.0 ind  0010-020900000057003 a251 a251bRon BlDEP aRONI, Ev. KAM Yusuf aBintang di langit pasir di laut (kumpulan khotbah)cEv. KAM Jusuf Roni ; editor, Johny the aCet. 3 aYogyakartabYayasan Andic1990 a84 hlmc19 cm aAgama Kristen - Khotbah aTHE, Johny aYOPDYOG a1 aPklrtrev a90-104 h CB-D.11